000 00580nam a2200229Ia 4500
003 OSt
005 20220924143313.0
006 a|||||r|||| 00| 0
007 ta
008 220923b |||||||| |||| 00| 0 urd d
024 _a307668
037 _cTextual
040 _aARTS
_cARTS
_burd
041 _2urd
_aurd
082 _aLD,32, 168K4
100 _aAhmad Hukeem Khaleel
_9215349
245 0 _aAtbaye qadeem aur qalb
260 _c1964
650 _aMEDICINE
_94387
942 _hLD,32, 168K4
_cTEXL
_2CC
999 _c453993
_d453993